Petua memikat hati lelaki
| Main Author: | |
|---|---|
| Corporate Author: | |
| Format: | Book |
| Published: |
Selangor :
Pustaka Ilmi ,
2003
|
| Subjects: |
MARC
| LEADER | 00000cam a2200000 7i4500 | ||
|---|---|---|---|
| 001 | 0000013111 | ||
| 005 | 20080108.0 | ||
| 008 | 080108 | ||
| 020 | |a 9830982912 | ||
| 090 | 0 | 0 | |a 297.57 |b ABU |
| 100 | 0 | |a Abu Salam Ismail | |
| 245 | 1 | 0 | |a Petua memikat hati lelaki |c Abu Salam Ismail |
| 260 | |a Selangor : |b Pustaka Ilmi , |c 2003 | ||
| 650 | 0 | |a Men |x Counduct of life |x Islam | |
| 710 | 0 | |a Title | |
| 999 | |a 0001005141 |b Book |c Adult Collection |e Perbadanan Perpustakaan Awam Johor | ||
| 999 | |a 0001005143 |b Book |c Adult Collection |e Perbadanan Perpustakaan Awam Johor | ||